From beyond the grave (Record no. 66875)

MARC details
000 -LEADER
fixed length control field 01019cam a2200229 4500
001 - CONTROL NUMBER
control field ABS63901
008 - FIXED-LENGTH DATA ELEMENTS--GENERAL INFORMATION
fixed length control field 000000n2001 000 0 eng u
035 ## - SYSTEM CONTROL NUMBER
System control number (Sirsi) u112365
100 ## - MAIN ENTRY--PERSONAL NAME
Personal name Holloway, J.
245 ## - TITLE STATEMENT
Title From beyond the grave
260 ## - PUBLICATION, DISTRIBUTION, ETC.
Date of publication, distribution, etc. 2001
490 ## - SERIES STATEMENT
Series statement Building
Volume/sequential designation 266(8181) 20 April 2001, 50-51(2)
520 ## - SUMMARY, ETC.
Summary, etc. Considers the implications of a solicitors negligence case which may have implications for the constuction industry in general. In "Cave vs Robinson, Jarvis and Rolf", a negligence case was brought outside of previously accepted periods. The fact that the case was successful means that many other authorities could be affected. For example an architect could be found liable because of negligence many years after plans have been drawn up.
590 ## - LOCAL NOTE (RLIN)
Local note ABS
650 ## - SUBJECT ADDED ENTRY--TOPICAL TERM
Topical term or geographic name entry element NEGLIGENCE
650 ## - SUBJECT ADDED ENTRY--TOPICAL TERM
Topical term or geographic name entry element CAVE V ROBINSON JARVIS AND ROLF
650 ## - SUBJECT ADDED ENTRY--TOPICAL TERM
Topical term or geographic name entry element LIMITATION ACT 1980
650 ## - SUBJECT ADDED ENTRY--TOPICAL TERM
Topical term or geographic name entry element CONTRACTORS
650 ## - SUBJECT ADDED ENTRY--TOPICAL TERM
Topical term or geographic name entry element ARCHITECTS
690 ## - LOCAL SUBJECT ADDED ENTRY--TOPICAL TERM (OCLC, RLIN)
Topical term or geographic name as entry element PROFESSIONAL PRACTICE-NEGLIGENCE
942 ## - ADDED ENTRY ELEMENTS (KOHA)
Suppress in OPAC 0
Holdings
Withdrawn status Lost status Source of classification or shelving scheme Damaged status Not for loan Home library Current library Shelving location Date acquired Total Checkouts Full call number Barcode Date last seen Copy number Price effective from Koha item type
    Dewey Decimal Classification     London London Journal article 02/05/2001   ABS63901 112365-1001 06/08/2019 1 06/08/2019 Journal article